• 首页
  • 本馆介绍
  • 公告通知
  • 最新文献
  • 馆藏检索
  • 电子资源
  • 读者导购
  • 参考咨询
  • 我的图书馆
  • 登录
  • 详细信息显示
  • 放入我的书架
  • 预约/预借图书
  • 作者相关作品
  • 分类相关作品
  • 丛书相关作品
  • 出版社相关作品

书目信息

  • 表格格式
  • 工作单格式
  • 卡片格式
题名:
苏联通史
    
 
作者: 潘克拉托娃 主编 ;山东大学翻译组 译
分册: 第三卷  
出版信息: 北京   三联书店  1978
页数: 790页
开本: 20cm
丛书名:
单 册:
中图分类: K512.0
科图分类:
主题词: 苏联--通史
电子资源:
ISBN:
000 00721nam0 2200241 45
001 0178002664
005 20060722084622.21
010    @dCNY2.40
091    @a11002.481
100    @a19950725d1978 em y0chiy0121 ea
101 1  @achi@crus
102    @aCN@b110000
105    @ay z 000yy
200 10 @a苏联通史@Asu lian tong shi@h第三卷@f(苏)安·米·潘克拉托娃主编@F(Su)An·Mi·Pan Ke La Tuo Wa Zhu Bian@g山东大学翻译组译
210    @a北京@c三联书店@d1978
215    @a790页@c附地图@d20cm
300    @a内部读物
606 0  @a苏联@x通史
690    @aK512.0@v3
701  0 @a潘克拉托娃@4主编
712 02 @a山东大学翻译组@Ashan dong da xue fan yi zu@4译
801    @aCN@bTSTC@c20060722
905    @dK512.0@e13:3@f1@b30659
    
    苏联通史.第三卷/(苏)安·米·潘克拉托娃主编/山东大学翻译组译.-北京:三联书店,1978
    790页:附地图;20cm
    内部读物
    
    ISBN :CNY2.40
    
●
相关链接 在E读中查询图书 在五车中查询图书 在当当中查询图书 在豆瓣中查询图书


正题名:苏联通史     索取号:K512.0/13:3         预约/预借

序号 登录号 条形码 馆藏地/架位号 状态 备注
1 0030658   001394431   密集书库/ [索取号:K512.0/13:3] 在馆    
2 0030659   001968428   密集书库/ [索取号:K512.0/13:3] 在馆    
3 0030660   001394556   第二借阅区/ [索取号:K512.0/13:3] 在馆    
4 0172915   001657237   密集书库/ [索取号:K512.0/13:3] 在馆    
5 0177613   001394477   第二样本阅览室/ [索取号:K512.0/13:3] 在馆    
6 0435484   204354849   密集书库/ [索取号:K512.0/13:3] 在馆    
唐山师范学院图书馆 欢迎您!
大连网信软件有限公司© 版权所有